00390nam a2200121 i 4500001000300000100001900003245014600022260002200168700002100190040000800211041000800219008004100227bg1 aPERLIN, Ju. E. 0aEffekty elektronno -kolebatel'nogo vzaimodejstvija v optičeskich spektrach primesnych paramagnitnych ionov /cJu.E. Perlin, B.S. Cukreblat. aKišinov,c1974.1 aCUKREBLAT, B. S. cBPK apol s pl f |000 0 pol